Normal view
MARC view
Entry Personal Name
001 - CONTROL NUMBER
- control field: 15310
003 - CONTROL NUMBER IDENTIFIER
- control field: dpl
005 - DATE AND TIME OF LATEST TRANSACTION
- control field: 20100819155605.0
008 - FIXED-LENGTH DATA ELEMENTS
- fixed length control field: 100819|||a|||||| | ||| d
040 ## - CATALOGING SOURCE
- Original cataloging agency: dpl
- Transcribing agency: dpl
100 ## - HEADING--PERSONAL NAME
- Personal name: Ranganathan, N.
670 ## - SOURCE DATA FOUND
- Source citation: Work cat.: (dpl): Ranganathan, N., Tamil country under monarchy /, 2008
670 ## - SOURCE DATA FOUND
- Source citation: Work cat.: (dpl): Ranganathan, N., Tamil country under monarchy /, 2008
